000 00973cam a2200313 i 4500
001 41273
003 Mx-PuUPA
005 20250625100600.0
008 140415s2003 mx a gr 000 0 spa d
020 _a9706272614
020 _a9789706272614
040 _aMx-PuUPA
_bspa
_cMx-PuUPA
_dMx-PuUPA
_erda
041 0 _aspa
043 _an-mx---
245 0 3 _aEl milagro guadalupano.
246 1 4 _aEl milagro guadalupano :
_bNican Mopohua...
264 1 _aMéxico, D.F. :
_bEditorial Época,
_c©2003
300 _a91 páginas :
_bilustraciones ;
_c21 cm
336 _2rdacontent
_atexto
_btxt
337 _2rdamedia
_asin medio
_bn
338 _2rdacarrier
_avolumen
_bnc
600 0 4 _aNuestra Señora de Guadalupe
600 0 4 _aVirgen María
_xApariciones y milagros
600 0 4 _aVirgen María Santísima
_xApariciones y milagros
_zMéxico
942 _2ddc
_cLI
_h232.917
_iM64
999 _c41273
_d41273